| 000 | 01158nam a2200205Ia 4500 | ||
|---|---|---|---|
| 001 | 11730 | ||
| 003 | GE_BSU | ||
| 008 | 181216s||||||||xx |||||||||||||| ||und|| | ||
| 040 | _cGE_BSU | ||
| 245 | _aვეფხისტყაოსნის სიმფონია | ||
| 245 | _bСимфония к поеме Ш.Руставели Витязь в титровой шкуре. | ||
| 245 | _cშედგ:აკაკი შანიძის ხელმძღვანელობით მისივე წინასიტყვაობით და გამოკვლევით. Составленная под руководством А.Шанидзе. | ||
| 260 | _aთბილისი | ||
| 260 | _bთბილისის სახ.უნ-ტის გამ-ბა. | ||
| 260 | _c1956 | ||
| 300 | _a428გვ;24სმ. | ||
| 520 | _aძველი ქართული ენის კათედრის შრომები 3. | ||
| 653 | _aვეფხისტყაოსნის სიმფონია.Симфония к поеме Ш.Руставели Витязь в титровой шкуре. | ||
| 942 | _cBK | ||
| 999 |
_c44911 _d44911 |
||